000 00675nam a2200241Ia 4500
003 OSt
005 20220925220143.0
006 a|||||r|||| 00| 0
007 ta
008 220923b |||||||| |||| 00| 0 eng d
037 _cGeneral Book
040 _aRTL
_cRTL
_beng
041 _2eng
_aeng
082 _aX:89A, L5
100 _aAndrews Bryan F.
_9284244
245 0 _aCreative product development
260 _aLondon
_bLongman U. K.
_c1975
300 _axiii, 281p.
_ccm.
490 _aProfessional perspectives in marketing
650 _aProduction Management
942 _hX:89A, L5
_cGB
_2CC
999 _c570651
_d570651